00756nam a22002057a 4500003000900000008004100009020002200050040007100072082002100143100001900164245007000183260005800253300004600311440003400357505007800391650001200469650001500481650002000496700003400516AR-CdUCM190405b ||||| |||| 00| 0 spa d a978-603-4016-24-8 aMUNICIPALIDAD PROVINCIAL DEL CUSCOcBIBLIOTECA MUNICIPAL DEL CUSCO aEP / 803 /bES82 aEslava, Jorge. aEl capitán Centella :bEn la persecución del doctor deforme / aLima :bAlfaguara infantil,bGrupo Santillana,c2008. bIlustraciones, graficos, dibujos,c22 cm. aColección la botella verde. aContenido :El capitán centella, en la persecución del doctor deforme. aCuentos aLiteratura aTexto Educativo aMorey, Felipe (ilustraciones)